000 00991nam a2200253 i 4500
003 DO-SdBNP
005 20240304181731.0
006 a||||gr|||| 00| 0
007 ta
008 230825e1977 dr ac||| |||| 00| 0 spa d
040 _aDO-SdBNP
_bspa
_cBNPHU
_erda
082 4 _222
_bP273r
111 2 _aConvención Nacional
_n(IX:
_d1977:
_cSanto Domingo)
_984020
_jautor
245 1 0 _aProyecto de programa económico y social de gobierno 1978 - 1982:
_bIX convención Nacional. /
246 _aProyecto de programa económico y social del gobierno 1978 - 1982:
_bnueve convención nacional.
264 1 _aSanto Domingo :
_bDepartamento Nacional de Asuntos Técnicos,
_bComisión Técnica Nacional,
_c1977
300 _a75 [3] páginas :
_bIlustraciones ;
_c29 cm.
336 _2rdacontent
_atexto
_btxt
337 _2rdamedia
_asin mediación
_bn
338 _2rdacarrier
_avolumen
_bnc
590 _aInventariado 2023 / MF
710 2 _aPartido Revolucionario Dominicano
_95214
942 _2ddc
_cLBS1
999 _c54539
_d54539